000 00697nam a2200241Ia 4500
003 OSt
005 20220925230533.0
006 a|||||r|||| 00| 0
007 ta
008 220923b |||||||| |||| 00| 0 eng d
037 _cGeneral Book
040 _aRTL
_cRTL
_beng
041 _2eng
_aeng
082 _aT4.1-1.N6, K6
100 _aAshby Eric
245 0 _aUniversities British Indian African
_b A study in th
260 _aLondon
_bWeidnfeld and Nicolson
_c1966
300 _axiii,558p.
_ccm.
650 _aUniversity Education
700 _a Anderson Mary
_9293818
942 _hT4.1-1.N6, K6
_cGB
_2CC
999 _c585913
_d585913